"3G Networks: Architecture, Protocols & Procedures" (Record no. 218191)

000 -LEADER
fixed length control field 00884 a2200205 4500
003 - CONTROL NUMBER IDENTIFIER
control field Nust
005 - DATE AND TIME OF LATEST TRANSACTION
control field 20170207171642.0
020 ## - INTERNATIONAL STANDARD BOOK NUMBER
International Standard Book Number 9780070527997
035 ## - SYSTEM CONTROL NUMBER
System control number (WaSeSS)ssib020868142
035 ## - SYSTEM CONTROL NUMBER
System control number (WaSeSS)ssib020868142
040 ## - CATALOGING SOURCE
Transcribing agency Nust
082 ## - DEWEY DECIMAL CLASSIFICATION NUMBER
Classification number 621.38456
100 1# - MAIN ENTRY--PERSONAL NAME
Personal name Kasera ,Sumit
245 10 - TITLE STATEMENT
Title "3G Networks: Architecture, Protocols & Procedures"
Medium [Elektronisk resurs]
Statement of responsibility, etc. Sumit Kasera & Nishit Narang
260 ## - PUBLICATION, DISTRIBUTION, ETC.
Date of publication, distribution, etc. 2004
Place of publication, distribution, etc. Mc Graw Hill education
Name of publisher, distributor, etc. New Delhi
300 ## - PHYSICAL DESCRIPTION
Extent xxviii,570.p
505 ## - FORMATTED CONTENTS NOTE
Formatted contents note Part-I Introduction and background (page-3) Part-II UMTS network architecture and protocols (page-45) Part-III Procedures in UMTS network (page-233) Part-IV IP initiatives in UMTS network (page-473)
655 #4 - INDEX TERM--GENRE/FORM
Genre/form data or focus term Electronic books
856 40 - ELECTRONIC LOCATION AND ACCESS
Uniform Resource Identifier <a href="http://proxy.lib.chalmers.se/login?url=http://accessengineeringlibrary.com/browse/3g-networks-architecture-protocols-and-procedures">http://proxy.lib.chalmers.se/login?url=http://accessengineeringlibrary.com/browse/3g-networks-architecture-protocols-and-procedures</a>
942 ## - ADDED ENTRY ELEMENTS (KOHA)
Source of classification or shelving scheme
Koha item type Book
Holdings
Withdrawn status Lost status Source of classification or shelving scheme Damaged status Not for loan Collection code Permanent Location Current Location Date acquired Total Checkouts Full call number Barcode Date last seen Price effective from Koha item type
            Military College of Signals (MCS) Military College of Signals (MCS) 12/12/2016   621.38456 KAS MCS37443 12/08/2016 12/12/2016 Book
© 2023 Central Library, National University of Sciences and Technology. All Rights Reserved.